Regional science and urban economics
Uložené v:
| Médium: | Seriál |
|---|---|
| Jazyk: | English |
| Vydavateľské údaje: |
Amsterdam
North-Holland Publishing Company
|
| Tagy: |
Žiadne tagy, Buďte prvý, kto otaguje tento záznam!
|
MARC
| LEADER | 00000nas1a2200000 4500 | ||
|---|---|---|---|
| 001 | s124982 | ||
| 005 | 20080725135002.5 | ||
| 041 | 0 | |a eng | |
| 044 | |a NL | ||
| 245 | 1 | 0 | |a Regional science and urban economics |
| 264 | 1 | |a Amsterdam |b North-Holland Publishing Company | |